000 01143nam a2200349 i 4500
001 bg
245 0 0 _aCypr /
_c[przygot. ed. pol. Bogdan Rudnicki ; red. prowadzący Joanna Zaborowska ; tł. Paweł Bulski, Dorota Graboń ; red. Anna Willman].
246 1 _iTyt. oryg.:
_aCyprus
260 _aWarszawa :
_bMediaprofit,
_c2007.
300 _a[2], 317, [1] s. :
_bil. kolor. ;
_c23 cm.
490 1 _aBiblioteka Gazety Wyborczej. Podróże Marzeń ;
_v10
500 _aMapa i plan na wyklejkach.
504 _aIndeks.
651 9 _aCypr
655 _aPrzewodniki turystyczne
700 1 _aRudnicki, Bogdan.
_eOprac.
700 1 _aZaborowska, Joanna.
_eRed.
700 1 _aBulski, Paweł.
_eTł.
700 1 _aGraboń, Dorota.
_eTł.
700 1 _aWillman, Anna.
_eRed.
830 0 _aBiblioteka Gazety Wyborczej.
_pPodróże Marzeń (2007)
_v10
015 _aPB 18981/2007
020 _a9788360174708
040 _cBPK
041 1 _apol
_heng
044 _aPOL
080 _a913(564.3)(036)
920 _a978-83-60174-70-8 :
_czł 25
942 _cKS
008 070831s2007 pl a |001 0 pol
999 _c54254
_d54254
856 _uhttp://koha.tu.koszalin.pl/cgi-bin/koha/opac-detail.pl?biblionumber=54254
_yKatalog online BPK